Normal view
MARC view
- Hussain,Mahmood
Entry Personal Name
001 - CONTROL NUMBER
- control field: 133315
003 - CONTROL NUMBER IDENTIFIER
- control field: NUST
005 - DATE AND TIME OF LATEST TRANSACTION
- control field: 20260217162457.0
008 - FIXED-LENGTH DATA ELEMENTS
- fixed length control field: 260217|| aca||aabn | a|a d
040 ## - CATALOGING SOURCE
- Original cataloging agency: NUST
- Transcribing agency: NUST
100 ## - HEADING--PERSONAL NAME
- Personal name: Hussain,Mahmood
670 ## - SOURCE DATA FOUND
- Source citation: Work cat.: (NUST): Hussain,Mahmood, Form Vision to Reality:, 2026.
